000 01137nam a22003257a 4500
003 CHAP
005 20250925062746.0
008 971013s1978 r 00010 d
010 _a42817
011 _a43789
035 _a47926
040 _cCHAP
090 _aTesis
100 0 0 _aEversbusch Grauert, Jorge Christian.
_938999
245 _aIndices reproductivos en un hato de ganado Charolais comparado con Cebú (raza Brahman) y sus cruzas en el trópico mexicano
260 _aMéxico, D. F. :
_bEl autor,
_c1978
300 _a43 h.
_b; gráfs.
502 _aTesis (Médico Veterinario Zootecnista) -- UNAM. Facultad de Medicina Veterinaria y Zootecnia
590 _aALEPH
_b10
_c20130110
_lUCH01
_h1311
590 _aBATCH-UPD
_b10
_c20130110
_lUCH01
_h1606
590 _aBATCH-UPD
_b10
_c20130410
_lUCH01
_h1002
590 _aBATCH-UPD
_b10
_c20130914
_lUCH01
_h1509
590 _aCONVERSION
_b10
_c20130109
_lUCH01
_h1324
650 1 7 _aGanado cebú
_2
_945056
650 1 4 _aGanado Charolais.
_945066
650 1 4 _aGanado vacuno
_xFecundidad.
_945466
901 _aBK
942 _cTESIS
949 _bBC
_cTES
_d-108751
_eTS1
_i47926
_si
999 _c42817
_d42817